LIBRARY & INFORMATION CENTRE, KCAET, TAVANUR

ONLINE PUBLIC ACCESS CATALOGUE (OPAC)

Performance evaluation of micro - irrigation devices (Record no. 15208)

MARC details
000 -LEADER
fixed length control field 00636nam a22001817a 4500
003 - CONTROL NUMBER IDENTIFIER
control field OSt
088 ## - REPORT NUMBER
Report number T 147
100 ## - MAIN ENTRY--AUTHOR NAME
Personal name JACOB BIJO DANIEL
245 ## - TITLE STATEMENT
Title Performance evaluation of micro - irrigation devices
260 ## - PUBLICATION, DISTRIBUTION, ETC. (IMPRINT)
Place of publication Tavanur 2003
Name of publisher Department of Land and Water Resources and Conservation Engineering
300 ## - PHYSICAL DESCRIPTION
Number of Pages 149
500 ## - GENERAL NOTE
General note Performance evaluation of micro - irrigation devices
520 ## - SUMMARY, ETC.
Summary, etc Performance evaluation of micro - irrigation devices
700 ## - ADDED ENTRY--PERSONAL NAME
Personal name Er. Vishnu B (Guide)
856 ## - ELECTRONIC LOCATION AND ACCESS
Uniform Resource Identifier https://drive.google.com/open?id=1NEVcia7y_AN_RPmyDUeqrd0vhLlHvrGr
942 ## - ADDED ENTRY ELEMENTS (KOHA)
Koha item type Theses
Holdings
Collection code Home library Current library Shelving location Full call number Accession Number Koha item type Public note
Reference KAUAET KAUAET Reference 631.75807 JAC/PE T 147 Theses M.Tech Thesis
free website counter